000 01259nam a2200337 a 4500
001 000109080
003 CHAP
005 20220329144036.0
008 140402s2013 mx a |sm |||||||spa|d
010 _a105542
011 _a106514
040 _cCHAP
090 _aTesis
100 1 _aReséndiz Flores, Nidia Sarahí
_996134
245 1 0 _aGoma de mezquite y huizache como alternativa de aprovechamiento en sistemas agroforestales
_h[En línea]
_cpor Nidia Sarahí Reséndiz Flores.
260 _aChapingo, Méx. :
_bEl autor,
_c2013.
500 _aPara ver el contenido del material haga clic en la liga
502 _aTesis (M.C. en Agroforestería para el Desarrollo Sostenible) -- UACH. Departamento de Enseñanza e Investigación en Suelos
590 _aBATCH-UPD
_b05
_c20141002
_lUCH01
_h0859
590 _aE792CSJ
_b05
_c20140402
_lUCH01
_h0949
590 _aE792CSJ
_b05
_c20140402
_lUCH01
_h0950
650 1 4 _aEtileno
_xEfecto en arboles.
_9126198
650 1 4 _aHuizache.
_956839
650 1 4 _aMezquite
_xPropiedades y usos.
_975375
650 1 4 _aProsopis.
_992429
650 1 4 _aSistemas agroforestales.
_9106735
856 _aFinding aid
_uhttp://10.13.5.2/tesis/sist109080.pdf
_zTeclea aquí
901 _aBK
942 _cTESIS
942 _n0
999 _c105542
_d105542